000 00314nam a22001337a 4500
008 181107b xxu||||| |||| 00| 0 eng d
020 _a9780023971914
041 _aeng
080 _a316
100 _a50
101 _aSOC
245 _aThe social environment and human behavior
_cGoldon, N. Th
942 _2udc
_cBK
999 _c52154
_d52154